Building Strategies Workbook

Salvato in:
Dettagli Bibliografici
Autore principale: Jones, Christopher
Natura: Libro
Lingua:inglese
Pubblicazione: Harlow Longman 1984
Edizione:2. ed.
Soggetti:
Tags: Aggiungi Tag
Nessun Tag, puoi essere il primo ad aggiungerne!!

MARC

LEADER 00000nam a2200000 4500
001 c000465
005 20221221074513.3
020 |a 0-582-57994-5 
041 0 |a eng 
044 |a GB 
245 1 0 |a Building Strategies  |b Workbook  |c Christopher Jones 
250 |a 2. ed. 
264 1 |a Harlow  |b Longman  |c 1984 
300 |a 48 s. 
610 2 0 |a jazykoveda 
610 2 0 |a Veľká Británia 
610 2 0 |a Amerika 
100 1 |a Jones, Christopher